000 00724nam0a22002531 4500
001 rc\174822
005 20250620220750.0
010 _a5-15-000192-9
_910000
035 _a(NLR Aleph) 005436208
090 _a4708892
_c4708892
100 _a20030307d1997 |||y0rusy50 ca
101 0 _arus
102 _aRU
105 _ay |||||||||
200 1 _aЭкранные поцелуи
_fТруди Пактер
_g[Перевод с англ. Е.Б. Черной]
210 _aМ.
_aНазрань
_cАСТ
_d1997
215 _a479 с.
_d17
225 1 _aИнтрига
700 1 _aПактер
_bТ.
_gТруди
801 0 _aRU
_bNLR
_gpsbo
801 1 _aRU
_bELAR
_2rusmarc
852 _aNLR
_j97-2/2507
942 _cBOOK
980 _aNB